00518nam a2200157 i 4500001000700000003000900007005001700016007000300033008004100036100003100077245013500108260003200243650002200275700003700297852002600334112144ES-MaACL20230906185444.0t|061121s1912 sp r ||||1| spa d1 aNicolau y Sabater, José.10aRiegos del Alto Aragón b: (Sobrarbe, Somontano, Monegros) / cAutores: José Nicolau Sabater y Félix de los Ríos Martín. aHuesca : b[s. n.], c1912. 4aRiego-zAragón.1 aRíos Martín, Félix de los. aES-MaACLjT-1248-F-10